000 00535cam a22002171 4500
001 sa 64005914
003 DLC
005 20260227112036.0
008 940916s1962 ii c 000 0 orio
010 _asa 64005914
025 _aPL480:I-O-194
035 _a(OCoLC)31130447
040 _aDLC
_cCU
_dCU
_dDLC
042 _apremarc
050 0 0 _aPK2579.G45
_bE2
100 1 _aGhosh, Aswini Kumar,
_d1892-1962.
245 1 0 _aE' pṛthibī ki sundara!
260 _c[1962]
300 _a310 p.
_bport.
_c18 cm.
500 _aIn Oriya.
999 _c59402
_d59402